Statistiques concernant Toutes les équipes ayant joué en Ligue 1 (2000-2019)

Cliquez ici pour prendre le quiz!

Statistiques générales

  • Ce quiz a été pris 287 fois
    (200 depuis la dernière actualisation)
  • Le résultat moyen est 35 sur 40

Statistiques - réponses

Nb. saisons Club % Correct
19Olympique Lyonnais
99%
Paris Saint-Germain
99%
Olympique de Marseille
98%
Girondins de Bordeaux
98%
AS Saint-Étienne
97%
RC Strasbourg
97%
12AJ Auxerre
97%
Stade Rennais
97%
Lille OSC
97%
14FC Nantes
96%
OGC Nice
95%
17Toulouse FC
95%
11RC Lens
95%
9FC Metz
94%
16AS Monaco
94%
Montpellier HSC
93%
3Stade Brestois
93%
Amiens SC
92%
SCO Angers
90%
En Avant Guingamp
90%
GFC Ajaccio
90%
7AC Ajaccio
89%
10SC Bastia
88%
SM Caen
87%
FC Lorient
87%
Dijon FCO
87%
AS Nancy Lorraine
86%
Nîmes Olympique
84%
5Stade de Reims
83%
2Le Havre AC
82%
13FC Sochaux
81%
Grenoble Foot 38
80%
Valenciennes FC
79%
6Le Mans UC 72
73%
8ESTAC Troyes
73%
4Évian Thonon Gaillard
69%
CS Sedan
67%
AC Arles-Avignon
65%
US Boulogne
55%
1FC Istres
50%

Distribution des résultats

Percentile par nombre de réponses

% des personnes avec chaque résultat

Votre développement - résultats

Vous n’avez pas pris ce quiz depuis la dernière actualisation